Offertorium in B für 4 Singstimmen 2 Violinen, 1 Viola, 2 Clarinetten, 2 Trompetten, Pauken, Viola et Orgel /
| Main Author: | Führer, Robert Jan Nepomuk, 1807-1861 |
|---|---|
| Other Authors: | Zirnstein, Anton, činný 1823-1866 |
| Language: | Latin |
| Published: |
1866 |
| Online Access: |
Digitalizovaný dokument (klikněte pro zobrazení)
Digitalizovaný dokument (klikněte pro zobrazení) Zobrazení hudebního incipitu |
| Physical Description: |
15 rkp. hlasů (2, 2, 2 ,2, 2, 2, 2, 2, 2, 2, 1, 1, 1, 2, 2 s.) ; 34 cm |
| LEADER | 01959ndm a2200385 a 4500 | ||
|---|---|---|---|
| 001 | 000920409 | ||
| 003 | CZ BrMZK | ||
| 005 | 20100629102410.0 | ||
| 007 | qu | ||
| 008 | 081107s1866 xx cczef lat d | ||
| 031 | |a 01 |b 01 |c 01 |d Andante con moto |m S |g C-1 |n bBE |o c |p '4F/2''D'B/4.B8A4AF/''2EC/4.C'8B4B |r B|b |t Justorum animae justorum animae |2 pe | ||
| 040 | |a BOA001 |b cze | ||
| 048 | |a ca04 |a oz | ||
| 072 | 7 | |a 783 |x Církevní hudba. Duchovní hudba. Náboženská hudba |2 Konspekt |9 9 | |
| 080 | |a 783.23 |2 MRF | ||
| 080 | |a 78.087 |2 MRF | ||
| 080 | |a (0.032)78 |2 MRF | ||
| 100 | 1 | |a Führer, Robert Jan Nepomuk, |d 1807-1861 |7 jo2004220574 |4 cmp | |
| 245 | 1 | 0 | |a Offertorium in B für 4 Singstimmen |h [rukopis] : |b 2 Violinen, 1 Viola, 2 Clarinetten, 2 Trompetten, Pauken, Viola et Orgel / |c Comp. v. Rob. Führer |
| 260 | |c 1866 | ||
| 300 | |a 15 rkp. hlasů (2, 2, 2 ,2, 2, 2, 2, 2, 2, 2, 1, 1, 1, 2, 2 s.) ; |c 34 cm | ||
| 500 | |a Uprostřed horního okraje obálky je No. 15 | ||
| 500 | |a V pravé dolním rohu podpis opisovače s datem: Zirnstein, Lehrer 1866 | ||
| 500 | |a Na partech timpánů, violonu a varhan datum 18. Sept. 1866, na partu prvního klarinetu 14. Sept. 1866. | ||
| 650 | 0 | 7 | |a ofertoria |7 ph224407 |2 czenas |
| 655 | 7 | |a hlasy |7 fd186703 |2 czenas | |
| 655 | 7 | |a hudební rukopisy |7 fd278469 |2 czenas | |
| 700 | 1 | |a Zirnstein, Anton, |d činný 1823-1866 |7 mzk2010584139 |4 scr | |
| 856 | 4 | 1 | |u https://imageserver.mzk.cz/mzk01/000/920/409/2619271995 |y Digitalizovaný dokument (klikněte pro zobrazení) |
| 856 | 4 | 1 | |u https://imageserver.mzk.cz/mzk01/000/920/409/2619271995_1 |y Digitalizovaný dokument (klikněte pro zobrazení) |
| 856 | 4 | 1 | |u http://audioserver.mzk.cz/incipity/png/000920409-010101.png |y Zobrazení hudebního incipitu |
| 910 | |a BOA001 |b RKPMus-0903.635 | ||
| 990 | |a MU | ||
| 991 | |b 200811 | ||
| 996 | 6 | |b 2619271995 |c RKPMus-0903.635 |l Stud. starých tisků/4.patro |r Sklad / do násl. otevíracího dne |n 0 |w 000920409 |u 000010 |a 1 |e BOA001 |j MZK50 |s P | |
English
Čeština 